Responses for Show #3628 - Wednesday, May 17, 2000

2000 Tournament of Champions semifinal game 3.
From the Atlanta Civic Center.

Contestants

[<< previous game]

Carolyn Cracraft, a college senior from Chicago, Illinois

Steve Fried, a technical support specialist from Phoenix, Arizona

Michael Rooney, a college instructor from Pasadena, California

[next game >>]

Jeopardy! Round responses

ANIMALS
GEORGIA SONGS
BEGINS & ENDS IN "H"
CHESS NUTS
BOASTING
ON AN OPEN FIRE
    $100 2
Duck

Michael
    $100 30
(Alex: Michael, you've dug yourself out of a deep hole to get within $900 of Carolyn's lead.)

"Georgia On My Mind"

Michael
    $100 13
Hitch

Michael
    $100 20
Stalemate

Steve
    $100 9
Muhammad Ali (Cassius Clay)

Steve
    $100 28
Memorial Day

Michael
    $200 4
Owl

Carolyn
    $200 29
Otis Redding ("Sittin' On The Dock Of The Bay")

Michael
    $200 14
Hatch

Carolyn
    $200 19
Castling

Michael
    $200 8
Lyndon Johnson

Carolyn
    $200 27
Coal & propane

Carolyn
    $300 5
(M: What is a penguin?)

Seal

MichaelSteve
    $300 24
"The Night The Lights Went Out In Georgia"

Steve
    $300 15
Horseradish

Michael
    $300 18
Queen side rook

Michael
    $300 10
Saddam Hussein

Carolyn
    $300 23
Turkey

Steve
    $400 6
Dewlap

Triple Stumper
    $400 25
"The Devil Went Down to Georgia"

Triple Stumper
    $400 3
Health

Carolyn
    $400 17
En passant

Michael
    $400 11
(M: What are mice?)

Flies

Michael
Triple Stumper
    $400 22
David Letterman

Michael
    $500 7
(M: What is a possum?)

Wombats

Michael
Triple Stumper
    $500 26
"Midnight Train To Georgia"

Steve
    $500 16
Hellmouth

Triple Stumper
    $500 1
Boris Spassky

Steve
    $900 12
Harry Houdini

Carolyn
    $500 21
James Kraft

Michael

Scores at the first commercial break (after clue 12):

Michael Steve Carolyn
-$1,100 $900 $2,000

Scores at the end of the Jeopardy! Round:

Michael Steve Carolyn
$1,500 $2,100 $2,400

Double Jeopardy! Round responses

SOUTHERN LIT
HE DIRECTED THAT?
COUNTRIES OF THE WORLD
I SENSE A THEME
MUSIC APPRECIATION
MATH VOCABULARY
    $200 23
A Streetcar Named Desire

Steve
    $200 7
Vincente Minnelli

Steve
    $200 15
Guatemala

Michael
    $200 30
Universal Studios

Steve
    $200 25
Sir Arthur Sullivan

Steve
    $200 21
Square

Carolyn
    $400 22
The Sound And The Fury

Michael
    $400 6
Danny DeVito

Carolyn
    $400 14
Zimbabwe

Carolyn
    $400 29
SeaWorld

Steve
    $400 24
Maurice Ravel

Carolyn
    $400 17
(S: What is obtuse?)

Acute

MichaelSteve
    $4,300 20
To Kill A Mockingbird

Michael
    $600 5
John Huston

Michael
    $600 12
(C: What is Zimbabwe?)

Zambia

MichaelCarolyn
    $600 28
Planet Hollywood

Steve
    $2,000 10
Leonard Bernstein

Steve
    $600 16
Average

Carolyn
    $800 19
Shelby Foote

Triple Stumper
    $800 3
Jonathan Demme

Steve
    $800 11
Malta

Steve
    $800 27
House of Blues

Triple Stumper
    $800 9
Richard Wagner (from The Flying Dutchman)

Triple Stumper
    $800 2
Origin

Steve
    $1000 18
Eudora Welty

Triple Stumper
    $1000 4
Finian's Rainbow

Triple Stumper
    $1000 13
Poland

Carolyn
    $1000 26
Motown Cafe

Triple Stumper
    $1000 8
Allegro

Steve
    $1000 1
Derivative

Michael

Scores at the end of the Double Jeopardy! Round:

Michael Steve Carolyn
$9,000 $8,900 $4,800

[wagering suggestions for these scores]

Final Jeopardy! Round responses

WORD ORIGINS
CarolynWho is Tiresius?
$0
SteveWho is Telemachus?
$701
MichaelWho is Hero?
$8,801
Mentor

Final scores:

Michael Steve Carolyn
$199 $8,199 $4,800
3rd place: $5,000 Finalist 2nd place: $5,000

Game dynamics:

Coryat scores:

Michael Steve Carolyn
$5,300 $7,500 $4,400
18 R
(including 1 DD),
3 W
18 R
(including 1 DD),
1 W
13 R
(including 1 DD),
1 W

Combined Coryat: $17,200

[game clues] [game scores] [suggest correction]

Game tape date: 2000-03-19
The J! Archive is created by fans, for fans. Scraping, republication, monetization, and malicious use prohibited; this site may use cookies and collect identifying information. See terms. The Jeopardy! game show and all elements thereof, including but not limited to copyright and trademark thereto, are the property of Jeopardy Productions, Inc. and are protected under law. This website is not affiliated with, sponsored by, or operated by Jeopardy Productions, Inc. Join the discussion at JBoard.tv.